|
|
|
|
| LEADER |
02098nam a22003853i 4500 |
| 001 |
EBC6734005 |
| 003 |
MiAaPQ |
| 005 |
20231204023218.0 |
| 006 |
m o d | |
| 007 |
cr cnu|||||||| |
| 008 |
231204s2018 xx o ||||0 eng d |
| 020 |
|
|
|a 9782759229079
|q (electronic bk.)
|
| 035 |
|
|
|a (MiAaPQ)EBC6734005
|
| 035 |
|
|
|a (Au-PeEL)EBL6734005
|
| 035 |
|
|
|a (OCoLC)1288213618
|
| 040 |
|
|
|a MiAaPQ
|b eng
|e rda
|e pn
|c MiAaPQ
|d MiAaPQ
|
| 100 |
1 |
|
|a Paradis-Grenouillet, Sandrine.
|
| 245 |
1 |
0 |
|a Into the Woods :
|b Overlapping Perspectives on the History of Ancien Forest.
|
| 264 |
|
1 |
|a Versailles :
|b Quae,
|c 2018.
|
| 264 |
|
4 |
|c ©2023.
|
| 300 |
|
|
|a 1 online resource (269 pages)
|
| 336 |
|
|
|a text
|b txt
|2 rdacontent
|
| 337 |
|
|
|a computer
|b c
|2 rdamedia
|
| 338 |
|
|
|a online resource
|b cr
|2 rdacarrier
|
| 490 |
1 |
|
|a Update Sciences and Technologies Series
|
| 505 |
0 |
|
|a Intro -- Table des matières -- Into the woods -- Towards an interdisciplinary approach on ancient forests -- Part 1: Perception and management of ancient forests as a natural and cultural heritage -- Part 2: Investigating forest ancientness: advocating for interdisciplinarity -- Part 3: "At the edge of the forest": other ways to think about ancient and old-growth forests -- Conclusions - Reflections on interdisciplinarity in the social and natural sciences from the perspective of disciplinary frontiers in the face of a complex reality -- List of authors.
|
| 588 |
|
|
|a Description based on publisher supplied metadata and other sources.
|
| 590 |
|
|
|a Electronic reproduction. Ann Arbor, Michigan : ProQuest Ebook Central, 2023. Available via World Wide Web. Access may be limited to ProQuest Ebook Central affiliated libraries.
|
| 655 |
|
4 |
|a Electronic books.
|
| 700 |
1 |
|
|a Aspe, Chantal.
|
| 700 |
1 |
|
|a Burri, Sylvain.
|
| 776 |
0 |
8 |
|i Print version:
|a Paradis-Grenouillet, Sandrine
|t Into the Woods
|d Versailles : Quae,c2018
|
| 797 |
2 |
|
|a ProQuest (Firm)
|
| 830 |
|
0 |
|a Update Sciences and Technologies Series
|
| 856 |
4 |
0 |
|u https://ebookcentral.proquest.com/lib/matrademy/detail.action?docID=6734005
|z Click to View
|